P!nk: Complete Discography - Statistics

General Stats
  • This quiz has been taken 36 times
    26 since last reset
  • The average score is 69 of 164
Answer Stats
Album Song % Correct
Funhouse So What
100%
The Truth About Love Try
100%
Beautiful Trauma Beautiful Trauma
95%
Trustfall Trustfall
95%
Funhouse Funhouse
89%
M!ssundaztood Get The Party Started
89%
The Truth About Love Just Give Me A Reason
84%
Greatest Hits... So Far!!! Raise Your Glass
84%
I'm Not Dead Stupid Girls
84%
I'm Not Dead Who Knew
84%
Greatest Hits... So Far!!! Fuckin' Perfect
79%
Soundtracks Just Like Fire
79%
Funhouse Please Don't Leave Me
79%
Hurts 2B Human Walk Me Home
79%
Beautiful Trauma What About Us
79%
I'm Not Dead Dear Mr. President
74%
M!ssundaztood Family Portrait
74%
I'm Not Dead I'm Not Dead
74%
M!ssundaztood Just Like A Pill
74%
Trustfall Never Gonna Not Dance Again
74%
The Truth About Love The Truth About Love
74%
Try This Trouble
74%
The Truth About Love True Love
74%
The Truth About Love Blow Me (One Last Kiss)
68%
Can't Take Me Home Can't Take Me Home
68%
Hurts 2B Human Hurts 2B Human
68%
I'm Not Dead U + Ur Hand
68%
All I Know So Far: Setlist All I Know So Far
63%
Funhouse Crystal Ball
63%
Funhouse Glitter In The Air
63%
Try This God Is A DJ
63%
Funhouse Sober
63%
All I Know So Far: Setlist Cover Me In Sunshine
58%
M!ssundaztood Don't Let Me Get Me
58%
Can't Take Me Home You Make Me Sick
58%
Funhouse Ave Mary A
53%
Funhouse Bad Influence
53%
Can't Take Me Home Most Girls
53%
The Truth About Love (Bonus) Run
53%
Beautiful Trauma Barbies
47%
I'm Not Dead Conversations With My 13-Year-Old Self
47%
I'm Not Dead Cuz I Can
47%
The Truth About Love Here Comes The Weekend
47%
Funhouse I Don't Believe You
47%
M!ssundaztood Missundaztood
47%
M!ssundaztood My Vietnam
47%
Beautiful Trauma Revenge
47%
I'm Not Dead | Trustfall Runaway
47%
Can't Take Me Home There You Go
47%
The Truth About Love Walk Of Shame
47%
Beautiful Trauma Whatever You Want
47%
Trustfall When I Get There
47%
Beautiful Trauma You Get My Love
47%
M!ssundaztood 18 Wheeler
42%
Hurts 2B Human 90 Days
42%
Hurts 2B Human Can We Pretend
42%
Try This Catch Me While I'm Sleeping
42%
Hurts 2B Human Courage
42%
Try This (Bonus) Feel Good Time
42%
Trustfall Hate Me
42%
Can't Take Me Home Hell Wit Ya
42%
Hurts 2B Human Hustle
42%
Trustfall Kids In Love
42%
Soundtracks Lady Marmalade
42%
Trustfall Last Call
42%
Try This Last To Know
42%
I'm Not Dead Leave Me Alone (I'm Lonely)
42%
Can't Take Me Home Let Me Let You Know
42%
Trustfall Lost Cause
42%
Can't Take Me Home Love Is Such A Crazy Thing
42%
Hurts 2B Human Love Me Anyway
42%
Hurts 2B Human My Attic
42%
Trustfall Our Song
42%
Can't Take Me Home Split Personality
42%
Trustfall Turbulence
42%
Try This Walk Away
42%
The Truth About Love Are We All We Are
37%
The Truth About Love Beam Me Up
37%
M!ssundaztood (Bonus) Catch-22
37%
I'm Not Dead (Bonus) Centerfold
37%
Hurts 2B Human Circle Game
37%
M!ssundaztood Dear Diary
37%
Trustfall (Bonus) Dreaming
37%
M!ssundaztood Eventually
37%
I'm Not Dead (Bonus) Fingers
37%
Beautiful Trauma For Now
37%
Hurts 2B Human Happy
37%
Try This (Bonus) Hooker
37%
Try This Humble Neighborhoods
37%
Beautiful Trauma I Am Here
37%
Trustfall (Bonus) Irrelevant
37%
Funhouse It's All Your Fault
37%
Trustfall Just Say I'm Sorry
37%
Trustfall Long Way To Go
37%
Try This Love Song
37%
Funhouse Mean
37%
I'm Not Dead Nobody Knows
37%
Beautiful Trauma Secrets
37%
The Truth About Love Slut Like You
37%
Beautiful Trauma Where We Go
37%
Beautiful Trauma Better Life
32%
Beautiful Trauma But We Lost It
32%
Trustfall Feel Something
32%
M!ssundaztood Gone To California
32%
Hurts 2B Human (Hey Why) Miss You Sometime
32%
Can't Take Me Home Hiccup
32%
The Truth About Love How Come You're Not Here?
32%
I'm Not Dead I Got Money Now
32%
The Truth About Love (Bonus) Is This Thing On?
32%
I'm Not Dead Long Way To Happy
32%
M!ssundaztood Misery
32%
Try This Oh My God
32%
Funhouse One Foot Wrong
32%
Can't Take Me Home Private Show
32%
Can't Take Me Home Stop Falling
32%
The Truth About Love The Great Escape
32%
Hurts 2B Human The Last Song Of Your Life
32%
I'm Not Dead The One That Got Away
32%
Try This Tonight's The Night
32%
Try This Try Too Hard
32%
Try This Unwind
32%
Try This Waiting For Love
32%
Features Waterfall
32%
Hurts 2B Human We Could Have It All
32%
The Truth About Love Where Did The Beat Go?
32%
Funhouse (Bonus) Why Did I Ever Like You
32%
Beautiful Trauma Wild Hearts Can't Be Broken
32%
Funhouse (Bonus) Could've Had Everything
26%
The Truth About Love (Bonus) Good Old Days
26%
Greatest Hits... So Far!!! Heartbreak Down
26%
I'm Not Dead (Bonus) I Have Seen The Rain
26%
Can't Take Me Home Is It Love
26%
M!ssundaztood Lonely Girl
26%
The Truth About Love (Bonus) My Signature Move
26%
M!ssundaztood Respect
26%
Trustfall (Bonus) All Out Of Fight
21%
Duets / Collaborations Anywhere Away From Here
21%
Soundtracks Bridge Of Light
21%
The Truth About Love (Bonus) Chaos & Piss
21%
Can't Take Me Home Do What U Do
21%
I'm Not Dead (Bonus) Heartbreaker
21%
M!ssundaztood Numb
21%
Funhouse (Bonus) This Is How It Goes Down
21%
Greatest Hits... So Far!!! Whataya Want From Me
21%
Beautiful Trauma (Bonus) White Rabbit
21%
Hurts 2B Human (Bonus) More
16%
Duets / Collaborations One Too Many
16%
The Truth About Love (Bonus) The King Is Dead But The Queen Is Alive
16%
The Truth About Love (Bonus) Timebomb
16%
Singles Today's The Day
16%
Funhouse (Bonus) Boring
11%
I'm Not Dead (Bonus) Crash & Burn
11%
Try This (Bonus) Delirium
11%
I'm Not Dead (Bonus) Disconnected
11%
Try This (Bonus) Free
11%
Funhouse (Bonus) Push You Away
11%
Duets / Collaborations Setting The World On Fire
11%
Duets / Collaborations Hands
5%
Features Rock And Roll Heaven's Gate
5%
Try This Save My Love
5%
Duets / Collaborations Sing
5%
Funhouse (Bonus) When We're Through
5%
I'm Not Dead (Bonus) Words
5%
No matching quizzes found
Score Distribution
Percent of People with Each Score
Percentile by Number Answered
Your Score History
You have not taken this quiz since the last reset